Hospodárska a zahraničnoobchodná politika Írskej republiky dizertačná práca

Gespeichert in:
Bibliographische Detailangaben
1. Verfasser: Šteiner, Ivan
Körperschaft: Ekonomická univerzita v Bratislave. Obchodná fakulta
Weitere Verfasser: Kosír, Igor
Format: Buch
Sprache:Slowakisch
Veröffentlicht: Bratislava 2010
Schlagworte:
Tags: Tag hinzufügen
Keine Tags, Fügen Sie das erste Tag hinzu!

MARC

LEADER 00000nam a2200000 4500
001 0124471
005 20240502072416.7
041 0 |a slo 
044 |a SK 
245 1 0 |a Hospodárska a zahraničnoobchodná politika Írskej republiky  |b dizertačná práca  |c Ivan Šteiner ; škol. Igor Kosír 
264 1 |a Bratislava  |c 2010 
300 |a 234 s. 
610 2 0 |a Írsko 
610 2 0 |a politika hospodárska 
610 2 0 |a politika zahraničnoobchodná 
610 2 0 |a nezamestnanosť 
610 2 0 |a migrácia 
610 2 0 |a vzdelanie 
610 2 0 |a výskum 
100 1 |a Šteiner, Ivan 
700 1 |a Kosír, Igor 
710 2 |a Ekonomická univerzita v Bratislave. Obchodná fakulta